Englannin Valioliigan joukkueet: logovisa - Statistics

Yleistilastot
  • Tätä visaa on pelattu 199 kertaa
  • Keskiarvotulos 15 / 20
Vastaustilastot
Kuvavisa Vastaus % Oikein
Arsenal
99%
Liverpool
93%
Chelsea
91%
Manchester City
90%
Manchester United
90%
Aston Villa
83%
Crystal Palace
80%
Everton
80%
Tottenham Hotspur
80%
Leicester City
75%
Newcastle United
73%
Nottingham Forest
72%
Fulham
70%
AFC Bournemouth
69%
West Ham United
69%
Southampton FC
63%
Brentford FC
60%
Ipswich Town
58%
Wolverhampton Wanderers
53%
Brighton & Hove Albion
47%
Ehtoja vastaavia visoja ei löytynyt
Tulosjakauma
Jokaisen tuloksen saaneiden osuus
Persentiili vastausten määrän mukaan
Tuloshistoriasi
Et ole pelannut tätä visaa